000 01574nam a2200289 a 4500
001 000026607
005 20250131205118.0
008 110324s1955 dr a 000 0 spa d
040 _aDO-SdBNP
_bspa
_cBNPHU
082 _a551.7877293
_bR173p,1955
100 1 _aRamírez, Ricardo
_953712
245 1 0 _aPaleontología dominicana :
_bdescripcíon de las formaciones geológicas Baitoa, Cercado, Gurabo y arcilla Mao, y lista de los moluscos y corales fósiles procedentes de ellas que integran la colección preparada para ser exhibida en la Feria de la Paz y Confraternidad del Mundo Llibre /
_cRicardo Ramírez.
260 _aCiudad Trujillo, República Dominicana :
_bUniversidad de Santo Domingo ;
_bEditora del Caribe,
_c1955.
300 _a26,[16] p. :
_bil., Láminas. ;
_c25 cm.
500 _aAño del benefactor de la patria
590 _aInventariado, 2019/VM
590 _aPublicaciones de la Universidad de Santo Domingo
_aGeología y geofrafía
_v103
_n3
600 1 4 _aRAMÍREZ, RICARDO
_d[1884-?]
_cPALEONTÓLOGO
_953713
650 _aPaleontología
_91743
650 4 _aGeología
_zRepública Dominicana
_91742
650 4 _aMolusco fósiles
_zRepública Dominicana
_953714
650 4 _aHistoria natura
_zValle Del Cibao (República Dominicana{Rpara}
_953715
650 _aEspecimenes biológicos
_xColecciones y conservación
_xInvestigación científicas
_953716
710 2 _aUniversidad de Santo Domingo
_937767
830 1 0 _aPublicaciones de la Universidad de Santo Domingo
_pGeología y geofrafía
_n103
_n2
_953717
910 _aValidado. Control de calidad MFF
999 _c26099
_d26099